000 00939nam a22002657a 4500
005 20170123162315.0
010 _aA-442587
020 _c150.00
035 _aA-442587
037 _bCen Lib/Ret
040 _aDPL
_bUR
082 _a841
_bک ب ی
100 _aحری اودھ
_9114002
245 _aکبیر رچناولی /
_cحری اودھ ؛ ترجمہ سرسوتی سرن کیف
246 _aKabeer rachnavali /
_bby Hari Audh ; translated by Sarsoti Saran Kaif
260 _aنیی دہلی
_bساہتیہ اکادمی
_c1990
270 _bنیی دہلی
_aرویندرا بھوں ٣٥، فیروزشاہ مارگ
_e110002
300 _a388p.
_c21cm(Hb)
650 _aہندی ادب
_9114003
650 _aہندی نظم
_9114004
650 _aHindi literature
_9114005
650 _aHindi poetry
_9114006
700 _aسرسوتی سرن کیف
_973
942 _2ddc
_cUR
_h841
_mک ب ی
999 _c106645
_d106645